000 00796nam a2200253 a 4500
003 MX-MxUPN
005 20241001063927.0
008 991125s1936 sp fr 001 0 spa d
035 _aUPN01000007729
040 _aMX-MxUPN
_bspa
_cMX-MxUPN
041 _aspa
050 4 _aLC1021 C5
_bD4.2
100 1 _aDemoor, Jean,
_d1867-1941
_930721
100 1 _aJonckheere, Tobie
_953243
245 1 3 _aLa ciencia de la educación
260 _aMadrid :
_bEdiciones de la Lectura,
_c1936.
300 _a566 páginas :
_bilustraciones
490 0 _aCiencia y educación. Manuales
650 0 _aEducación clásica
_916408
710 2 _aInstituto Nacional de Investigación Educativa (México)
_epropietario anterior
_928086
902 _bMaríaRobles/260824
905 _aLibro
942 _2lcc
_n0
_cLIBRO
999 _c7729
_d7729